00657nam a2200229 i 4500001001100000003000500011005001700016008004100033020001800074040002500092082001200117100001900129245001800148264006100166300004800227336002100275337002500296338002300321490002500344650003300369830002500402C2-0331288PPAK20190310082808.0150602s2015 my a|||| ||||| | eng d a9789670441368 aPPAKbengcPPAKerda04a8232230 aLeen, eauthor12aA flippy wish 1aSubang Jaya, Selangor : bMinda Ceria Resources , c2015 a23 pages : bcolour illustrations ; c26 cm 2rdacontentatext 2rdamediaaunmediated 2rdacarrieravolume1 aWonderland of wishes10aChildren's stories, English. 0aWonderland of wishes